000 00878nam a2200253 i 4500
001 10341
003 ES-MaACL
005 20231213062934.0
007 t|
008 950510s1993 sp ||||1| spa d
020 _a84-604-7121-7
080 _a92 Jardiel Poncela, Enrique
080 _a86(Jardiel Poncela,R.):92
100 1 _aFlórez, Rafael,
_d1926-2019
_951311
245 1 0 _aMío Jardiel
_b: (Jardiel Poncela está debajo de un almendro en flor) /
_cRafael Flórez, "El Alfaqueque".
250 _a[2a ed.].
260 _aMadrid :
_bRafael Flórez,
_cD.L. 1993.
300 _aXXIV, 367 p. :
_bil. ;
_c17 cm.
490 1 _aAlfaquequerías ;
_v1
600 1 4 _aJardiel Poncela, Enrique-
_xBiografías.
_966114
830 0 _aAlfaquequerías ;
_v1
_9228119
852 _aES-MaACL
_jL-17725
_bR.123714
_q. - Ded. autógr. del autor
999 _c10341
_d10341